Minecraft Mobs in Emoji 3 - Statistics

General Stats
  • This quiz has been taken 580 times
  • The average score is 11 of 13
Answer Stats
Hint Answer % Correct
๐Ÿฎ Cow
100%
๐Ÿ“๐Ÿฅš Chicken
98%
๐Ÿ Goat
98%
๐Ÿฆ‘ Squid
98%
๐Ÿฌ Dolphin
95%
๐ŸŽƒโ›„๏ธ Snow Golem
91%
๐ŸŒญ๐ŸงŠ or ๐Ÿบ Wolf
91%
๐Ÿ’ง๐ŸงŸโ€โ™‚๏ธ Drowned
88%
๐Ÿœ๐ŸงŸโ€โ™‚๏ธ Husk
84%
๐Ÿ˜บ๐ŸŒณ Ocelot
84%
๐Ÿ‘ƒ๐Ÿ‘ฆ Villager
84%
๐Ÿงš๐Ÿฝโ€โ™‚๏ธ๐Ÿ‘ƒโฌœ๏ธ๐Ÿ Evoker
38%
๐Ÿ“ฆ๐Ÿ”ฅ๐Ÿ—ฟ Magma Cube
38%
No matching quizzes found
Score Distribution
Percent of People with Each Score
Percentile by Number Answered
Your Score History
You have not taken this quiz